000 00739nam a2200181 a 4500
001 BRCA_2144
005 20190320203703.0
008 130808s1992----mx-#---###---#000-0#spa-#
050 4 _aF1391.P8
_b.L43 90
_c1992
100 1 _aGrajales Porras, Agustín
_96469
245 1 0 _aParroquias coloniales de la Ciudad de Puebla de los Ángeles
_bsiglos XVI-XVIII
_cAgustín Grajales Porras.
260 _aPuebla, México
_bGobierno del Estado de Puebla : Secretaría de Cultura : Comisión Puebla V Centenario
_c1992
300 _a12 p.
_c21 cm.
440 0 _aLecturas Históricas de Puebla
_n90
_96470
651 4 _aPuebla (México)
_xHistoria
_9409
651 4 _aPuebla (México)
_xEdificios, estructuras, etc.
_ySiglo XVI a XVIII
_96471
942 _2lcc
_cB
999 _c1901
_d1901